[Event "IV Open Internacional Ciutat d"]
[Site "Palma"]
[Date "2009.11.24"]
[Round "5.24"]
[White "Hadzimanolis, Antonios"]
[Black "Henrichs, Thomas"]
[Result "0-1"]
[WhiteElo "2346"]
[BlackElo "2471"]
[PlyCount "100"]
[EventDate "2009.11.21"]

1. e4 g6 2. d4 Bg7 3. Nc3 d6 4. Be3 a6 5. h3 b5 6. a3 Bb7 7. g4 Nd7 8. Bg2 Nb6
9. b3 c5 10. Nge2 Qc7 11. O-O cxd4 12. Bxd4 Nf6 13. a4 bxa4 14. Nxa4 Nbd7 15.
Ng3 O-O 16. c4 e5 17. Bb2 Nc5 18. Nxc5 dxc5 19. Qd2 Rfd8 20. Qa5 Qe7 21. Rad1
Bf8 22. Qc3 Rd4 23. Qe3 Rxd1 24. Rxd1 Nd7 25. Ne2 Nb8 26. Nc3 Nc6 27. Nd5 Qd6
28. g5 Nd4 29. Nf6+ Kh8 30. b4 Rd8 31. bxc5 Ne2+ 32. Qxe2 Qxd1+ 33. Qxd1 Rxd1+
34. Kh2 Bxc5 35. Bxe5 Bd4 36. Bf4 a5 37. Nd5 a4 38. Nb4 a3 39. Nc2 Bb2 40. Bf3
Rd3 41. Be2 Rd8 42. Nb4 Bxe4 43. c5 Bd5 44. c6 Be6 45. c7 Ra8 46. Bg4 Bxg4 47.
hxg4 Bc3 48. Nc6 Rc8 49. Ne7 Rxc7 50. Bxc7 a2 0-1

[Event "IV Open Internacional Ciutat d"]
[Site "Palma"]
[Date "2009.11.24"]
[Round "5.27"]
[White "Ortega Ruiz, Jose Miguel"]
[Black "Zdebskaja, Natalia"]
[Result "1/2-1/2"]
[WhiteElo "2326"]
[BlackElo "2408"]
[PlyCount "60"]
[EventDate "2009.11.21"]

1. d4 Nf6 2. c4 e6 3. Nf3 d5 4. Nc3 Bb4 5. cxd5 exd5 6. Bg5 Nbd7 7. e3 c5 8.
dxc5 Qa5 9. Rc1 Bxc3+ 10. bxc3 O-O 11. Be2 h6 12. Bh4 Ne4 13. O-O Ndxc5 14. c4
g5 15. Bg3 dxc4 16. Bxc4 Bg4 17. Qc2 Rad8 18. Nd4 Qd2 19. Rfe1 Qxc2 20. Rxc2
Nxg3 21. hxg3 Ne6 22. Bxe6 fxe6 23. Rc5 b6 24. Rc7 Rf7 25. Rec1 Rdd7 26. Rc8+
Kg7 27. f3 e5 28. Nc6 Rd2 29. Ra8 Be6 30. Nd8 Bd5 1/2-1/2

[Event "IV Open Internacional Ciutat d"]
[Site "Palma"]
[Date "2009.11.24"]
[Round "5.29"]
[White "Berube, Antoine"]
[Black "Buhmann, Rainer"]
[Result "0-1"]
[WhiteElo "2122"]
[BlackElo "2603"]
[PlyCount "74"]
[EventDate "2009.11.21"]

1. d4 d5 2. c4 e6 3. Nc3 c6 4. Nf3 Nf6 5. Bg5 dxc4 6. e4 b5 7. e5 h6 8. Bh4 g5
9. Nxg5 hxg5 10. Bxg5 Nbd7 11. g3 Rg8 12. h4 Rxg5 13. hxg5 Nd5 14. g6 Qa5 15.
Bg2 b4 16. Nxd5 cxd5 17. Rh8 fxg6 18. Qg4 b3+ 19. Ke2 Qa6 20. Ke3 Rb8 21. Qxg6+
Kd8 22. Qf7 bxa2 23. Rxf8+ Kc7 24. Qe7 Rxb2 25. Qd6+ Qxd6 26. exd6+ Kb7 27. Rh8
c3 28. g4 Nb6 29. g5 Nc4+ 30. Kf3 c2 31. g6 Rb1 32. Rh1 Nd2+ 33. Kg3 Rxa1 34.
Rxa1 Nb3 35. g7 Nxa1 36. g8=Q c1=Q 37. Qg7+ Kb6 0-1

[Event "IV Open Internacional Ciutat d"]
[Site "Palma"]
[Date "2009.11.24"]
[Round "5.36"]
[White "Perez Aleman, Pedro Tomas"]
[Black "Rodriguez Lopez, Rafael"]
[Result "0-1"]
[WhiteElo "2093"]
[BlackElo "2323"]
[PlyCount "100"]
[EventDate "2009.11.21"]

1. Nf3 d5 2. d4 Nf6 3. c4 c6 4. Nc3 dxc4 5. a4 e6 6. e3 c5 7. Bxc4 cxd4 8. exd4
Bb4 9. O-O O-O 10. Bg5 Nc6 11. d5 Na5 12. Ba2 Bxc3 13. bxc3 exd5 14. Qd4 Be6
15. Rad1 h6 16. Bxf6 Qxf6 17. Qxf6 gxf6 18. Bxd5 Rad8 19. c4 b6 20. Rd4 Nxc4
21. Bxe6 Rxd4 22. Bxf7+ Kxf7 23. Nxd4 Rd8 24. Nf5 h5 25. Rc1 Rd5 26. Ng3 Nb2
27. h4 Kg6 28. Rc7 Rd1+ 29. Kh2 Rd4 30. Rxa7 Rxh4+ 31. Kg1 Rxa4 32. Rxa4 Nxa4
33. Ne2 Kf5 34. Nd4+ Ke4 35. Nb5 Kd3 36. Kh2 Nc3 37. Nc7 b5 38. Na6 Nd5 39. Kg3
Ke2 40. f3 b4 41. Nc5 Ne3 42. f4 Nf5+ 43. Kh3 Ke3 44. g4 hxg4+ 45. Kxg4 Nd4 46.
Kh5 Ne6 47. Nxe6 b3 48. Nc7 b2 49. Nd5+ Kd4 50. Nxf6 b1=Q 0-1

[Event "IV Open Internacional Ciutat d"]
[Site "Palma"]
[Date "2009.11.24"]
[Round "5.37"]
[White "Simon, Laurent"]
[Black "Genutis, Mindaugas"]
[Result "0-1"]
[WhiteElo "2058"]
[BlackElo "2295"]
[PlyCount "75"]
[EventDate "2009.11.21"]

1. e4 c5 2. Nc3 Nc6 3. f4 e6 4. Nf3 Nge7 5. Bb5 a6 6. Bxc6 Nxc6 7. d3 d5 8. Qe2
Be7 9. O-O b5 10. Kh1 Bb7 11. f5 b4 12. exd5 exd5 13. f6 gxf6 14. Nd1 Qd7 15.
a3 O-O-O 16. axb4 Nxb4 17. c3 Nc6 18. Bf4 Rhe8 19. Qd2 d4 20. cxd4 Nxd4 21.
Nxd4 Qxd4 22. Ne3 Bd6 23. Bxd6 Qxe3 24. Qxe3 Rxe3 25. Bxc5 Rexd3 26. Rxf6 Rd2
27. Bf2 Rg8 28. Rc1+ Kd8 29. Bg3 Ke7 30. Rf2 Rxf2 31. Bxf2 Rxg2 32. Rc7+ Ke8
33. Rxb7 Rxf2 34. Kg1 Re2 35. Rb6 Re6 36. Rb8+ Ke7 37. Kf2 Kf6 38. Kf3 0-1

[Event "IV Open Internacional Ciutat d"]
[Site "Palma"]
[Date "2009.11.24"]
[Round "5.38"]
[White "Lumsdon, Andrew"]
[Black "Gomez Jurado, Luis Alberto"]
[Result "0-1"]
[WhiteElo "2057"]
[BlackElo "2283"]
[PlyCount "106"]
[EventDate "2009.11.21"]

1. d4 Nf6 2. Nf3 e6 3. e3 c5 4. dxc5 Bxc5 5. a3 a5 6. b3 O-O 7. Bb2 d5 8. Nbd2
Nc6 9. c4 d4 10. exd4 Nxd4 11. Be2 e5 12. O-O Re8 13. Nxd4 Bxd4 14. Bxd4 Qxd4
15. Nf3 Qc5 16. Qd2 Bg4 17. b4 Qc7 18. Qe3 Rad8 19. Rfd1 e4 20. Nd4 Bxe2 21.
Qxe2 h5 22. h3 Qe5 23. Nb5 g5 24. Qe3 Rd3 25. Qc5 Qxc5 26. bxc5 Rxd1+ 27. Rxd1
Rc8 28. Rd6 Kg7 29. c6 Rxc6 30. Rxc6 bxc6 31. Nd4 Nd7 32. Nxc6 a4 33. Kf1 Kf6
34. Ke2 Nb6 35. Na5 Ke5 36. c5 Nd5 37. Nc6+ Ke6 38. Nd4+ Kd7 39. g3 Ne7 40. Ke3
f5 41. Ne2 Nc6 42. Nc3 Ke6 43. Nxa4 Ke5 44. f4+ exf3 45. Nb6 g4 46. h4 Ne7 47.
a4 Nd5+ 48. Kf2 Nc3 49. a5 Ne4+ 50. Kg1 Nxc5 51. Kf2 Kd4 52. Nc8 Ne4+ 53. Kg1
Ke3 0-1

[Event "IV Open Internacional Ciutat d"]
[Site "Palma"]
[Date "2009.11.24"]
[Round "5.39"]
[White "Garcia Del Rey, Senen"]
[Black "Durandeau, Jean-Marie"]
[Result "1-0"]
[WhiteElo "2278"]
[BlackElo "2049"]
[PlyCount "93"]
[EventDate "2009.11.21"]

1. e4 c6 2. d4 d5 3. exd5 cxd5 4. Bd3 Nc6 5. c3 Nf6 6. Bf4 Bg4 7. Qb3 Qd7 8.
Nd2 Nh5 9. Be3 e5 10. dxe5 Nxe5 11. Bb5 Nc6 12. Ngf3 Bxf3 13. Nxf3 a6 14. Be2
Nf6 15. Rd1 Bd6 16. O-O O-O 17. Bg5 Na5 18. Qb6 Bc7 19. Qd4 Nc6 20. Qh4 Bd8 21.
h3 h6 22. Be3 Ne8 23. Qa4 Nc7 24. Rd2 b5 25. Qc2 Bf6 26. Rfd1 Rad8 27. Bb6 Ne7
28. Qb3 Qe6 29. Bd4 Nf5 30. Bxf6 Qxf6 31. Qb4 Nd6 32. Qa5 Rd7 33. Bd3 Re7 34.
Qb6 Rfe8 35. Bf1 Qf4 36. Rd4 Ne4 37. b3 Re6 38. Qa5 Rg6 39. R1d3 Kh7 40. c4
dxc4 41. bxc4 Ne6 42. Rd5 bxc4 43. Rf5 Qb8 44. Re3 Nf4 45. Rxf4 Ng5 46. Nxg5+
Rxg5 47. Qxa6 1-0

[Event "IV Open Internacional Ciutat d"]
[Site "Palma"]
[Date "2009.11.24"]
[Round "5.42"]
[White "Maruejols, Claude"]
[Black "Spence, David J"]
[Result "0-1"]
[WhiteElo "2039"]
[BlackElo "2252"]
[PlyCount "102"]
[EventDate "2009.11.21"]

1. d4 e6 2. c4 Nf6 3. Nc3 Bb4 4. e3 c5 5. Nge2 d5 6. a3 Bxc3+ 7. Nxc3 cxd4 8.
exd4 dxc4 9. Bxc4 Nc6 10. Be3 O-O 11. O-O b6 12. Qf3 Bb7 13. Bd3 Qd7 14. Qh3 g6
15. Rad1 Nd5 16. Ne4 f5 17. Ng5 Rae8 18. Bc4 Na5 19. Ba2 Nxe3 20. Qxe3 Bd5 21.
Bxd5 exd5 22. Qg3 Nc4 23. Rc1 f4 24. Qh4 Qe7 25. Rce1 Qd7 26. Rxe8 Rxe8 27.
Qxf4 Nxb2 28. h4 Nc4 29. Rc1 Rf8 30. Qg3 Re8 31. h5 Qf5 32. Nf3 Qxh5 33. Qc7
Rf8 34. Qxa7 Qf5 35. Rf1 g5 36. Qe7 g4 37. Nh4 Qf6 38. Qxf6 Rxf6 39. a4 Rf4 40.
Rd1 Nb2 41. Rc1 Rxd4 42. Rc8+ Kf7 43. Rc7+ Ke8 44. Rxh7 Rd1+ 45. Kh2 Nxa4 46.
Nf5 Nc5 47. Ne3 Rd2 48. Nxg4 d4 49. Nf6+ Kd8 50. g4 Rxf2+ 51. Kg3 Rxf6 0-1

[Event "IV Open Internacional Ciutat d"]
[Site "Palma"]
[Date "2009.11.24"]
[Round "5.52"]
[White "Amos, Frank"]
[Black "Juan Mas, Santiago"]
[Result "0-1"]
[WhiteElo "2193"]
[BlackElo "2080"]
[PlyCount "83"]
[EventDate "2009.11.21"]

1. e4 Nc6 2. Nc3 Nd4 3. Bc4 e6 4. Nge2 c5 5. Nxd4 cxd4 6. Nb5 Bc5 7. Qg4 Nf6 8.
Qf4 O-O 9. e5 Ne8 10. Nxd4 f6 11. O-O Qc7 12. Nf3 fxe5 13. Qxe5 Bd6 14. Qc3 b5
15. Be2 Qb8 16. d4 Bb7 17. Ne5 Nf6 18. f4 b4 19. Qh3 Qc7 20. c4 bxc3 21. bxc3
Ne4 22. Bb2 Bxe5 23. fxe5 Nd2 24. Bd3 Be4 25. Bxe4 Nxe4 26. Qe3 Qc6 27. Rae1
Rxf1+ 28. Rxf1 h6 29. h4 Rf8 30. Rf3 Rxf3 31. gxf3 Ng3 32. Kf2 Nf5 33. Qe4 Qa4
34. h5 Qxa2 35. Qe2 a5 36. c4 a4 37. Bc3 Qb3 38. d5 Qxc3 39. dxe6 dxe6 40. Kg2
a3 41. Qe4 Qxc4 42. Qxc4 0-1

[Event "IV Open Internacional Ciutat d"]
[Site "Palma"]
[Date "2009.11.24"]
[Round "5.53"]
[White "Pizarro Segura, Eduardo"]
[Black "Pol Guiscafre, David"]
[Result "1/2-1/2"]
[WhiteElo "2134"]
[BlackElo "1986"]
[PlyCount "44"]
[EventDate "2009.11.21"]

1. d4 d5 2. Nf3 Nf6 3. Bg5 c6 4. Nbd2 Bf5 5. e3 e6 6. Bd3 Bxd3 7. cxd3 Be7 8.
O-O O-O 9. Ne5 Ne8 10. Bf4 f5 11. Qb3 Nd6 12. Ndf3 Qb6 13. Ng5 Bxg5 14. Bxg5
Nf7 15. Bf4 g5 16. Bg3 Qxb3 17. axb3 Nd7 18. h4 h6 19. hxg5 hxg5 20. Rfd1 Rac8
21. Rac1 Nfxe5 22. dxe5 Nc5 1/2-1/2

[Event "IV Open Internacional Ciutat d"]
[Site "Palma"]
[Date "2009.11.24"]
[Round "5.56"]
[White "Castell Cantero, Salvador"]
[Black "Persson, Stellan"]
[Result "0-1"]
[WhiteElo "1948"]
[BlackElo "2109"]
[PlyCount "100"]
[EventDate "2009.11.21"]

1. d4 Nf6 2. c4 e6 3. Nf3 b6 4. e3 Bb4+ 5. Bd2 Bxd2+ 6. Nbxd2 Bb7 7. Bd3 Qe7 8.
a3 d6 9. e4 e5 10. O-O Nbd7 11. b4 O-O 12. d5 g6 13. g3 Nh5 14. Nh4 Ndf6 15.
Ng2 Bc8 16. Re1 Ng4 17. Be2 Ngf6 18. Ne3 Ng7 19. Rc1 Nfe8 20. c5 f5 21. cxd6
cxd6 22. Rc3 Bd7 23. Ng2 f4 24. Bg4 Bb5 25. Be2 Bd7 26. Bg4 Bxg4 27. Qxg4 Nf6
28. Qe2 Rac8 29. Rec1 Rxc3 30. Rxc3 g5 31. Rc6 Nfe8 32. Nc4 f3 33. Qd1 fxg2 34.
Kxg2 Qf6 35. Qe2 h5 36. h3 g4 37. h4 Qf3+ 38. Qxf3 Rxf3 39. Nxd6 Nxd6 40. Rxd6
Kf8 41. Rd7 Rf7 42. Rd6 Ke7 43. Rc6 Kd7 44. a4 Ne8 45. Re6 Re7 46. Rh6 Nd6 47.
f3 Rf7 48. fxg4 hxg4 49. Rg6 Nxe4 50. Rxg4 Nf6 0-1

[Event "IV Open Internacional Ciutat d"]
[Site "Palma"]
[Date "2009.11.24"]
[Round "5.26"]
[White "Heinzel, Olaf"]
[Black "Zude, Erik"]
[Result "1/2-1/2"]
[WhiteElo "2332"]
[BlackElo "2409"]
[PlyCount "80"]
[EventDate "2009.11.21"]

1. d4 d5 2. Bf4 Nf6 3. Nf3 c5 4. e3 Nc6 5. Be2 Bf5 6. O-O e6 7. Nbd2 a6 8. dxc5
Bxc5 9. Nb3 Be7 10. Nbd4 Nxd4 11. Nxd4 Be4 12. c4 O-O 13. Rc1 Rc8 14. Qb3 dxc4
15. Rxc4 Bd5 16. Rxc8 Qxc8 17. Qa4 Qc5 18. Bf3 Rc8 19. Nb3 Qb4 20. Qxb4 Bxb4
21. Rc1 Rxc1+ 22. Nxc1 Bxf3 23. gxf3 Nd7 24. Nd3 Be7 25. Kf1 f6 26. Bc7 Kf7 27.
f4 Ke8 28. Ke2 Nc5 29. Bb6 Nxd3 30. Kxd3 Kd7 31. Bd4 g6 32. h3 f5 33. f3 Kc6
34. Bc3 Kd5 35. b3 Bd6 36. Bd2 e5 37. fxe5 Bxe5 38. a4 Bf6 39. Be1 h5 40. f4
Be7 1/2-1/2

[Event "IV Open Internacional Ciutat d"]
[Site "Palma"]
[Date "2009.11.24"]
[Round "5.43"]
[White "Zygouris, Hristos"]
[Black "Munar Mut, Antonio"]
[Result "1-0"]
[WhiteElo "2246"]
[BlackElo "2032"]
[PlyCount "105"]
[EventDate "2009.11.21"]

1. e4 c5 2. Nf3 Nc6 3. Bb5 d6 4. O-O Bd7 5. Re1 e5 6. c3 Qc7 7. d4 Nf6 8. b4
cxb4 9. cxb4 Be7 10. Nc3 O-O 11. Bg5 Bg4 12. Bxc6 bxc6 13. d5 Nxd5 14. Nxd5
cxd5 15. Rc1 Qd8 16. Bxe7 Qxe7 17. Qxd5 Bxf3 18. gxf3 Qg5+ 19. Kf1 Qf6 20. Ke2
Rab8 21. a3 Rb6 22. Rc7 a6 23. Rec1 h6 24. R1c6 Rfb8 25. Rxb6 Rxb6 26. Qa8+ Kh7
27. Qa7 Rb5 28. Rxf7 Qg6 29. Rf8 Qe6 30. Qf7 Qxf7 31. Rxf7 a5 32. Rd7 axb4 33.
axb4 Rxb4 34. Rxd6 Rb2+ 35. Kf1 Rb5 36. Rd5 Rxd5 37. exd5 Kg6 38. Ke2 Kf6 39.
Kd3 Ke7 40. Ke4 Kd6 41. Kf5 Kxd5 42. h4 Kd4 43. h5 Kd3 44. Kxe5 Ke2 45. Kf5
Kxf3 46. Kg6 Kg4 47. f3+ Kf4 48. Kxg7 Kg5 49. f4+ Kxh5 50. f5 Kg4 51. f6 h5 52.
f7 h4 53. f8=Q 1-0

[Event "IV Open Internacional Ciutat d"]
[Site "Palma"]
[Date "2009.11.24"]
[Round "5.48"]
[White "Crespi Lopez, Juan Josep"]
[Black "Pastor Alonso De Prado, Emilio"]
[Result "0-1"]
[WhiteElo "1981"]
[BlackElo "2188"]
[PlyCount "84"]
[EventDate "2009.11.21"]

1. d4 d5 2. c4 c5 3. cxd5 Nf6 4. e4 Nxe4 5. dxc5 Qa5+ 6. Bd2 Nxd2 7. Qxd2 Qxc5
8. Na3 Na6 9. Bb5+ Bd7 10. Bxd7+ Kxd7 11. Nf3 Qb4 12. Rd1 g6 13. O-O Qxd2 14.
Rxd2 Bg7 15. Re1 Rac8 16. Nb5 Rc5 17. a4 Nb4 18. Nc3 Rhc8 19. Rde2 Re8 20. d6
e5 21. Ne4 Rc6 22. Neg5 f6 23. Ne4 f5 24. Neg5 Nd3 25. Rd1 e4 26. Ne1 Rxd6 27.
Nxh7 Rc8 28. Ng5 Rc1 29. Red2 Rxd1 30. Rxd1 Nxb2 31. Rb1 Rd2 32. Nh3 Bd4 33. g3
a5 34. Ng2 Rd1+ 35. Rxd1 Nxd1 36. Ngf4 b5 37. Ne2 Bb2 38. axb5 a4 39. Nhf4 a3
40. b6 a2 41. b7 a1=Q 42. Kg2 Qa7 0-1

[Event "IV Open Internacional Ciutat d"]
[Site "Palma"]
[Date "2009.11.24"]
[Round "5.58"]
[White "Ripoll Marques, Antonio"]
[Black "Perez Garcia, Miguel"]
[Result "1-0"]
[WhiteElo "2091"]
[BlackElo "1794"]
[PlyCount "82"]
[EventDate "2009.11.21"]

1. e4 c5 2. Nf3 Nc6 3. d4 cxd4 4. Nxd4 Nf6 5. Nc3 g6 6. Be3 Bg7 7. f3 O-O 8.
Qd2 d6 9. g4 Nxd4 10. Bxd4 Ne8 11. h4 h6 12. Be3 Kh7 13. Bd3 Qa5 14. h5 g5 15.
f4 f6 16. f5 Nc7 17. O-O-O Bd7 18. Kb1 Bc6 19. Bc4 Qb4 20. Qd3 b5 21. Bb3 Qa5
22. Rhe1 Rfc8 23. Bd2 Bf8 24. Nd5 Qa6 25. Nb4 Qb7 26. c3 a5 27. Nxc6 Qxc6 28.
Bd5 Nxd5 29. Qxd5 Qxd5 30. exd5 Rc4 31. Rg1 Rac8 32. b3 R4c5 33. Be1 b4 34.
cxb4 axb4 35. Bxb4 Rb5 36. a3 Kg7 37. Rg2 Kf7 38. Rc2 Rcb8 39. Rd3 Ke8 40. Kb2
Kd7 41. Rc4 R8b7 1-0

[Event "IV Open Internacional Ciutat d"]
[Site "Palma"]
[Date "2009.11.25"]
[Round "6.5"]
[White "Gelashvili, Tamaz"]
[Black "Lajthajm, Borko"]
[Result "1/2-1/2"]
[WhiteElo "2610"]
[BlackElo "2481"]
[PlyCount "122"]
[EventDate "2009.11.21"]

1. Nf3 Nf6 2. d4 d5 3. e3 c6 4. c4 a6 5. Nc3 g6 6. cxd5 cxd5 7. Qa4+ Nc6 8. Ne5
Bd7 9. Nxd7 Qxd7 10. b4 Rc8 11. Bd2 Bg7 12. b5 axb5 13. Bxb5 O-O 14. O-O Qf5
15. Rfc1 e5 16. Bxc6 bxc6 17. Ne2 Ne4 18. Be1 c5 19. dxc5 Nxc5 20. Qb5 e4 21.
Rab1 Nd3 22. Rxc8 Rxc8 23. Ng3 Qe6 24. a4 h5 25. a5 h4 26. Nf1 Be5 27. h3 Nxe1
28. Rxe1 Rc2 29. Qa4 Rb2 30. Rc1 d4 31. a6 Ra2 32. Rc8+ Kh7 33. Qc4 d3 34. Qxe6
fxe6 35. Rc1 Rxa6 36. Nd2 Ra4 37. Rd1 Bc3 38. f3 Bxd2 39. Rxd2 exf3 40. gxf3
Ra3 41. Kf2 g5 42. e4 Kg6 43. Ke3 Ra1 44. Kf2 Kf6 45. Rxd3 Ra2+ 46. Ke3 Rh2 47.
Rd8 Rxh3 48. Rg8 Rh2 49. Rh8 Ra2 50. Rh5 Kg6 51. Rh8 Rg2 52. Kd4 Rg3 53. f4
gxf4 54. Rxh4 Rg5 55. Rh8 Ra5 56. e5 Ra4+ 57. Kd3 Kg5 58. Rf8 Kg4 59. Rf6 f3
60. Rxe6 Rf4 61. Rf6 f2 1/2-1/2

[Event "IV Open Internacional Ciutat d"]
[Site "Palma"]
[Date "2009.11.25"]
[Round "6.54"]
[White "Hermida Izquierdo, Miguel Angel"]
[Black "Lumsdon, Andrew"]
[Result "0-1"]
[WhiteElo "1861"]
[BlackElo "2057"]
[PlyCount "122"]
[EventDate "2009.11.21"]

1. Nf3 Nf6 2. c4 b6 3. Nc3 Bb7 4. d4 g6 5. g3 Bg7 6. Bg2 O-O 7. O-O d6 8. Bg5
Nbd7 9. Qc2 Rc8 10. b4 c5 11. bxc5 bxc5 12. d5 Nb6 13. Rab1 Ba6 14. Nd2 Nfd7
15. Nb5 Ra8 16. a4 h6 17. Be3 Ne5 18. h3 Bxb5 19. Rxb5 a6 20. Rb3 Rb8 21. Rfb1
Qc7 22. f4 Ned7 23. Nf1 Na8 24. Bd2 Rxb3 25. Rxb3 Rb8 26. Bc3 Rxb3 27. Qxb3 Qb6
28. Qc2 Bxc3 29. Qxc3 Qb4 30. Qxb4 cxb4 31. a5 Nc5 32. Nd2 f5 33. g4 Nc7 34.
gxf5 gxf5 35. e4 b3 36. e5 b2 37. Bf1 Kf8 38. Kg2 Nb3 39. Nb1 Nxa5 40. Bd3 Na8
41. Kf2 Nb6 42. Bxf5 Naxc4 43. Bd3 a5 44. e6 a4 45. Nc3 a3 46. f5 Nxd5 47. Na2
Nd2 48. Ke1 b1=Q+ 49. Bxb1 Nxb1 50. Kd1 Nbc3+ 51. Nxc3 Nxc3+ 52. Kc1 Kg7 53.
Kc2 a2 54. Kb2 Kf6 55. h4 Kxf5 56. h5 Kxe6 57. Ka1 Kf5 58. Kb2 e5 59. Ka1 e4
60. Kb2 e3 61. Ka1 e2 0-1

[Event "IV Open Internacional Ciutat d"]
[Site "Palma"]
[Date "2009.11.25"]
[Round "6.22"]
[White "Rybenko, Kseniya"]
[Black "Pogorelov, Ruslan"]
[Result "1/2-1/2"]
[WhiteElo "2254"]
[BlackElo "2469"]
[PlyCount "114"]
[EventDate "2009.11.21"]

1. g3 c5 2. Bg2 Nc6 3. d3 g6 4. Nf3 Bg7 5. O-O e6 6. e4 Nge7 7. Re1 d5 8. e5 h6
9. h4 b6 10. c3 Qc7 11. Bf4 a5 12. Na3 Ba6 13. Nc2 g5 14. hxg5 hxg5 15. Bxg5
Nxe5 16. Nxe5 Bxe5 17. Bxe7 Kxe7 18. Ne3 Kf8 19. Ng4 Bg7 20. f4 Re8 21. Qf3 f5
22. Ne5 Bxe5 23. Rxe5 Re7 24. Rae1 Bc8 25. g4 fxg4 26. Qg3 Rhh7 27. Qxg4 Reg7
28. Rg5 Rxg5 29. Qxg5 Qe7 30. Qe5 Rg7 31. Qb8 Qc7 32. Qxc7 Rxc7 33. Bh3 Kf7 34.
Re5 Kf6 35. Rh5 Rg7+ 36. Kf2 Bd7 37. c4 d4 38. Rh8 Ke7 39. Rb8 Rh7 40. Kg3 Rg7+
41. Kf3 Bc6+ 42. Kf2 Rh7 43. Rxb6 Rxh3 44. Rxc6 Rxd3 45. Rxc5 Rd2+ 46. Kf3 Rxb2
47. Rxa5 d3 48. Ke3 d2 49. Ke2 d1=Q+ 50. Kxd1 Rf2 51. f5 exf5 52. Re5+ Kd6 53.
Rd5+ Kc6 54. a4 Rf4 55. a5 Rxc4 56. Rxf5 Rc5 57. Rxc5+ Kxc5 1/2-1/2

[Event "IV Open Internacional Ciutat d"]
[Site "Palma"]
[Date "2009.11.25"]
[Round "6.30"]
[White "Wallace, Paul"]
[Black "Breier, Andreas"]
[Result "0-1"]
[WhiteElo "2238"]
[BlackElo "2405"]
[PlyCount "109"]
[EventDate "2009.11.21"]

1. e4 c5 2. Nf3 d6 3. d4 cxd4 4. Nxd4 Nf6 5. Nc3 a6 6. Bg5 e6 7. f4 Qb6 8. Qd2
Qxb2 9. Nb3 Nc6 10. Bxf6 gxf6 11. Be2 Qa3 12. O-O Bg7 13. f5 h5 14. Qe3 Bh6 15.
Qg3 h4 16. Qh3 Bg5 17. fxe6 fxe6 18. Bg4 Ke7 19. Kh1 Qb4 20. Rad1 Ne5 21. Rd4
Qb6 22. Rfd1 Qc7 23. Be2 Rd8 24. Nd2 Bd7 25. Nc4 Rac8 26. Nxe5 dxe5 27. R4d3
Be8 28. g3 Rxd3 29. Rxd3 hxg3 30. Qh7+ Bf7 31. Bh5 Rf8 32. Rxg3 Qc4 33. Rd3 Qc6
34. h4 Bf4 35. Bg6 b5 36. a3 a5 37. Bxf7 Rxf7 38. Qg8 Qe8 39. Qxe8+ Kxe8 40.
Nxb5 Rh7 41. Rh3 Kd7 42. a4 f5 43. Kg2 Kc6 44. Kf3 Kc5 45. c3 Rd7 46. exf5 Rd3+
47. Kg2 Rxh3 48. Kxh3 exf5 49. Kg2 Bh6 50. Kf3 e4+ 51. Ke2 f4 52. Nd4 f3+ 53.
Kf2 Kc4 54. Nf5 Bf4 55. Ne3+ 0-1

[Event "IV Open Internacional Ciutat d"]
[Site "Palma"]
[Date "2009.11.25"]
[Round "6.37"]
[White "Boulkrouche, Yacine"]
[Black "Hadzimanolis, Antonios"]
[Result "0-1"]
[WhiteElo "2082"]
[BlackElo "2346"]
[PlyCount "92"]
[EventDate "2009.11.21"]

1. e4 e5 2. Nf3 Nc6 3. Bb5 a6 4. Ba4 Nf6 5. O-O b5 6. Bb3 Be7 7. Re1 O-O 8. c3
d6 9. h3 Na5 10. Bc2 c5 11. d4 Qc7 12. d5 Nc4 13. b3 Nb6 14. Nbd2 c4 15. Bb2 a5
16. Nf1 Bd7 17. Ne3 Rfc8 18. Nd2 cxb3 19. axb3 a4 20. bxa4 Nxa4 21. Bxa4 bxa4
22. c4 g6 23. Ba3 Bf8 24. Rc1 Qa7 25. Kh1 Nh5 26. Nf3 Rab8 27. Rc3 Nf6 28. Qc2
Rb3 29. Nd1 Rxc3 30. Qxc3 Rb8 31. Nd2 Qd4 32. Qxd4 exd4 33. Bb2 Bh6 34. Nf1 d3
35. Bxf6 Rb1 36. Bc3 a3 37. Nd2 a2 38. Nf3 Ba4 39. e5 d2 40. Rg1 Rxd1 41. Rxd1
Bxd1 42. Nxd2 Bxd2 43. Bd4 dxe5 44. Bxe5 Bh6 45. c5 Bg7 46. c6 Bxe5 0-1

[Event "IV Open Internacional Ciutat d"]
[Site "Palma"]
[Date "2009.11.25"]
[Round "6.42"]
[White "Persson, Stellan"]
[Black "Herms Agullo, Jordi"]
[Result "0-1"]
[WhiteElo "2109"]
[BlackElo "2113"]
[PlyCount "91"]
[EventDate "2009.11.21"]

1. e4 d5 2. e5 c5 3. Nf3 Bf5 4. Bb5+ Nc6 5. O-O e6 6. c3 Nge7 7. d4 Qb6 8. Na3
cxd4 9. Nxd4 Bg6 10. Qa4 a6 11. Bg5 Rc8 12. Be3 axb5 13. Ndxb5 Qa6 14. Nd6+ Kd7
15. Nxc8 Nxc8 16. Qd1 Bxa3 17. bxa3 Nxe5 18. Qd4 f6 19. Rfd1 Nd6 20. Bf4 Ndc4
21. Bxe5 fxe5 22. Qg4 Ke7 23. h4 Kf7 24. Qf3+ Ke7 25. Qg3 Rg8 26. Rac1 Qxa3 27.
h5 Be8 28. Qh4+ Kf7 29. Rb1 Bc6 30. Rd3 Qe7 31. Qg3 Ra8 32. Qf3+ Kg8 33. Qe2
Na3 34. Rb4 Bb5 35. Rxb5 Nxb5 36. Rg3 Nd6 37. Qxe5 Ne4 38. Rg4 Qf6 39. Qxf6
Nxf6 40. Rb4 Rxa2 41. Rxb7 Nxh5 42. g3 Nf6 43. Re7 Ne4 44. Rxe6 Nxf2 45. Rd6
Ng4 46. Rxd5 0-1

[Event "IV Open Internacional Ciutat d"]
[Site "Palma"]
[Date "2009.11.25"]
[Round "6.10"]
[White "Koziak, Vitali"]
[Black "Maslak, Konstantin"]
[Result "1-0"]
[WhiteElo "2475"]
[BlackElo "2569"]
[PlyCount "89"]
[EventDate "2009.11.21"]

1. e4 c6 2. d4 d5 3. Nc3 dxe4 4. Nxe4 Nf6 5. Nxf6+ gxf6 6. Nf3 Bg4 7. Be2 Qc7
8. O-O e6 9. c4 Bd6 10. c5 Be7 11. b4 Rg8 12. Be3 Nd7 13. Kh1 Nf8 14. b5 Ng6
15. bxc6 bxc6 16. Re1 Bf5 17. Bd3 Bxd3 18. Qxd3 Rb8 19. Rac1 h5 20. h3 Rh8 21.
Bd2 Nf4 22. Bxf4 Qxf4 23. Qa6 Qc7 24. d5 cxd5 25. Nd4 Qc8 26. Qxa7 Ra8 27. Qb6
Kf8 28. c6 Kg7 29. Nf5+ exf5 30. Rxe7 Rxa2 31. c7 f4 32. Qb3 Qa8 33. Qf3 Ra4
34. Rd7 Re4 35. Rd1 Re5 36. Qxf4 Qc6 37. Qg3+ Rg5 38. Qd6 Qxd6 39. Rxd6 Rc8 40.
Rc1 Kh7 41. Rxf6 Kg7 42. Rd6 Kh7 43. Rd7 Rg7 44. Rxd5 Kg6 45. Rd8 1-0

[Event "IV Open Internacional Ciutat d"]
[Site "Palma"]
[Date "2009.11.25"]
[Round "6.3"]
[White "Drozdovskij, Yuri"]
[Black "Franco Ocampos, Zenon"]
[Result "1/2-1/2"]
[WhiteElo "2625"]
[BlackElo "2516"]
[PlyCount "88"]
[EventDate "2009.11.21"]

1. d4 Nf6 2. c4 e6 3. Nc3 Bb4 4. Qc2 c5 5. dxc5 O-O 6. a3 Bxc5 7. Nf3 Nc6 8.
Bf4 b6 9. Rd1 Bb7 10. e3 Nh5 11. Bg3 Be7 12. Be2 Nxg3 13. hxg3 h6 14. O-O Rc8
15. Nb5 d5 16. Qb1 Bf6 17. cxd5 exd5 18. Rd2 a6 19. Nbd4 Na5 20. Rfd1 Nc4 21.
Bxc4 Rxc4 22. Ne2 Qc7 23. Nf4 Rd8 24. Kh2 Rc8 25. Nd4 Qe5 26. Nf3 Qc7 27. Qd3
Rc5 28. Nh5 Be7 29. Qd4 Bf8 30. Qg4 Qe7 31. Nf4 Qf6 32. Nd4 g6 33. Qf3 Bg7 34.
Nd3 Qxf3 35. Nxf3 Rc2 36. Nd4 Rxd2 37. Rxd2 Bxd4 38. exd4 h5 39. Ne5 Bc6 40.
Rc2 Bd7 41. Rxc8+ Bxc8 42. Kg1 Kf8 43. f3 Kg7 44. Kf2 a5 1/2-1/2

[Event "IV Open Internacional Ciutat d"]
[Site "Palma"]
[Date "2009.11.25"]
[Round "6.13"]
[White "Vernay, Clovis"]
[Black "Kunin, Vitaly"]
[Result "0-1"]
[WhiteElo "2458"]
[BlackElo "2532"]
[PlyCount "87"]
[EventDate "2009.11.21"]

1. d4 Nf6 2. c4 e6 3. Nc3 Bb4 4. Qc2 Nc6 5. e3 d6 6. Bd2 O-O 7. Nf3 e5 8. dxe5
dxe5 9. a3 Bxc3 10. Bxc3 Qe7 11. b4 Rd8 12. Qb2 e4 13. Nd2 Bf5 14. Be2 a6 15.
Nb3 Ne8 16. b5 Nb8 17. Nd4 Bc8 18. O-O Nd7 19. Nf5 Qg5 20. Ng3 Ndf6 21. Rfd1
Bg4 22. bxa6 bxa6 23. h3 Bxe2 24. Qxe2 h5 25. Qc2 Qg6 26. Qa4 Rd3 27. Bd4 Rd8
28. Ne2 Qg5 29. c5 Nd7 30. Rdc1 Ne5 31. Bxe5 Qxe5 32. Nd4 Qf6 33. Qc6 Rd2 34.
Qxf6 Nxf6 35. Rcb1 Nd7 36. c6 Nc5 37. Rb4 Kf8 38. Rab1 Ke7 39. Rc4 Kd6 40. Nb3
Nxb3 41. Rxb3 f5 42. h4 Re8 43. Rc1 Rd5 44. Rb7 0-1